Normal view
MARC view
Entry Corporate Name
001 - CONTROL NUMBER
- control field: 16597
003 - CONTROL NUMBER IDENTIFIER
- control field: OSt
005 - DATE AND TIME OF LATEST TRANSACTION
- control field: 20230412100144.0
008 - FIXED-LENGTH DATA ELEMENTS
- fixed length control field: 230412|| aca||aabn | a|a d
040 ## - CATALOGING SOURCE
- Original cataloging agency: OSt
- Transcribing agency: OSt
110 ## - HEADING--CORPORATE NAME
- Corporate name or jurisdiction name as entry element: Arizona Heart Institute.
670 ## - SOURCE DATA FOUND
- Source citation: Work cat.: (OSt)0: Diethrich, Edward B., 1935- 16596, The heart test /, c1981.
